Atlas básico santillana

Gespeichert in:
Bibliographische Detailangaben
1. Verfasser: Ramos, A. Director
Format: keine Angabe
Sprache:Spanisch
Erschienen: Madrid Santillana 1986
Katalog:MANES:  Suchergebnis im Bibliothekskatalog
Schulbuchspezifische Eigenschaften:
Tags: Tag hinzufügen
Keine Tags, Fügen Sie den ersten Tag hinzu!
Hinzugefügt zu:26.04.2016

MARC

LEADER 000000000a22000000004500
001 18781
003 OSt
008 160427s sp ||||| |||| 00| 0 spa d
041 1 |a spa 
040 |c centro_manes 
691 7 |a PRI 
100 1 |a Ramos, A.  |b Director  |9 11790 
245 0 0 |a Atlas básico santillana 
260 3 |a Madrid  |b Santillana  |c 1986 
300 |a 159p  |c 21 * 28,5 cm 
500 |a ILUSTRACIONES: Contiene mapas políticos y geográficos. ENCUADERNACIÓN: Cartoné. DESCRIPCIÓN CONTENIDO: Atlas. PALABRAS CLAVE: Atlas. NéMERO EJEMPLARES: 1. Nº TOPOGRÁFICO: 3282. CONSERVACIÓN: Buena. 
690 7 |a GEO 
942 |2 ddc  |c BK 
546 |a España 
999 |c 24749  |d 24749 
999 |c manes:24749  |d 24749